Cities in South Carolina by picture - Statistics

General Stats
  • This quiz has been taken 16 times
  • The average score is 6 of 16
Answer Stats
Picture Answer % Correct
Charleston
93%
Columbia
93%
Greenville
79%
Myrtle Beach
71%
Spartanburg
57%
Rock Hill
43%
Hilton Head Island
29%
North Myrtle Beach
21%
Orangeburg
21%
Greer
14%
Summerville
14%
Sumter
14%
Conway
7%
Indian Land
0%
North Augusta
0%
West Columbia
0%
No matching quizzes found
Score Distribution
Percent of People with Each Score
Percentile by Number Answered
Your Score History
You have not taken this quiz